Khả năng đối kháng của các chủng nấm trichoderma đối với nấm fusarium moniliforme gây bệnh lúa von trên giống lúa jasmine 85 tại An Giang : Luận án thạc sĩ Khoa học Nông nghiệp. Chuyên ngành : Bảo vệ thực vật
Nội dung luận văn là thu thập và phân lập các chủng nấm bệnh và nấm đối kháng trichoderma, xác định khả năng gây bệnh của nấm bệnh qua quy trình Koch. Trắc nghiệm khả năng đối kháng của các chủng trichoderma đối với nấm bệnh. Đánh giá khả n...
Gardado en:
| Autor Principal: | |
|---|---|
| Formato: | Libro |
| Idioma: | Undetermined |
| Publicado: |
Cần Thơ
Trường Đại học Cần Thơ
2010
|
| Những chủ đề: | |
| Các nhãn: |
Engadir etiqueta
Sen Etiquetas, Sexa o primeiro en etiquetar este rexistro!
|
| Thư viện lưu trữ: | Trung tâm Học liệu Trường Đại học Cần Thơ |
|---|
| LEADER | 01469nam a2200229Ia 4500 | ||
|---|---|---|---|
| 001 | CTU_160697 | ||
| 008 | 210402s9999 xx 000 0 und d | ||
| 082 | |a 633.18 | ||
| 082 | |b Ch312 | ||
| 088 | |a 60620112 | ||
| 100 | |a Lý, Văn Chính | ||
| 245 | 0 | |a Khả năng đối kháng của các chủng nấm trichoderma đối với nấm fusarium moniliforme gây bệnh lúa von trên giống lúa jasmine 85 tại An Giang : | |
| 245 | 0 | |b Luận án thạc sĩ Khoa học Nông nghiệp. Chuyên ngành : Bảo vệ thực vật | |
| 245 | 0 | |c Lý Văn Chính; Phạm Văn Kim, Dương Minh (Hướng dẫn Khoa học) | |
| 260 | |a Cần Thơ | ||
| 260 | |b Trường Đại học Cần Thơ | ||
| 260 | |c 2010 | ||
| 520 | |a Nội dung luận văn là thu thập và phân lập các chủng nấm bệnh và nấm đối kháng trichoderma, xác định khả năng gây bệnh của nấm bệnh qua quy trình Koch. Trắc nghiệm khả năng đối kháng của các chủng trichoderma đối với nấm bệnh. Đánh giá khả năng chịu úng của các chủng trichoderma đối kháng cao. | ||
| 650 | |a Genetic engineering,Trichoderma,Cây lúa,Công nghệ di truyền,Rice | ||
| 650 | |x Côn trùng và bệnh hại,Diseases and pests | ||
| 904 | |i Năm | ||
| 980 | |a Trung tâm Học liệu Trường Đại học Cần Thơ | ||